00336nam a2200133Ia 4500008004100000020001500041041001200056082001600068100001600084245006100100260002500161300000800186650000800194221030s9999 xx 000 0 und d a8120319575 aEnglish a105.23bPra aA. Pramanik 0aElectromagnetism : Theory & Applicationscby A. Pramanik bPHIaNew Delhic2003 a803 aEMT